00362pab a2200121 454500008004000000100002200040245011300062260000900175300001300184362000800197650001300205773002200218180718b2006 xxu||||| |||| 00| 0 eng d aThompson, Eric C. aInternet-mediated networking and academic dependency in Indonesia, Malaysia, Singapore and the United States c2006 ap.41-61. aJan aInternet aCurrent Sociology